| 000 | 00648nam a2200181Ia 4500 | ||
|---|---|---|---|
| 003 | GCL | ||
| 008 | 140319s9999 xx 000 0 ara d | ||
| 040 |
_aGCL / _cGCL |
||
| 082 | 0 | 4 |
_a015.62 _bهـ ن |
| 100 | 1 | _aدار الكتب والوثائق القومية | |
| 245 | 1 | 0 |
_aنشرة الايداع : _bابريل - مايو - يونيه 1988 / _cدار الكتب والوثائق القومية |
| 260 |
_aالقاهرة : _bالهيئة المصرية العامة للكتاب ، _c1989 |
||
| 300 |
_aمتعدد ؛ _c24 سم |
||
| 650 | 0 | 4 | _aمصر |
| 650 | 0 | 4 | _aدوريات |
| 650 | 0 | 4 | _aالببليوجرافيات |
| 942 |
_2ddc _cBK |
||
| 999 |
_c59587 _d59587 |
||